000
00216 a2200097 4500
001
13507
100
_a
Fernandez F
245
_a
Ferdinand Isabella
260
_a
London
_b
Weidenfeld Nicolson
_c
090
_c
10511
_d
10511
942
_a
NUST-CAE
_c
M
_c
572
999
_c
248580
_d
248580